CFC legislation, tax treaties, and EC law (Record no. 126062)

MARC details
000 -LEADER
fixed length control field 00991nam a2200265Ia 4500
008 - FIXED-LENGTH DATA ELEMENTS--GENERAL INFORMATION
fixed length control field 191130s2004##################000#0#eng##
020 ## - INTERNATIONAL STANDARD BOOK NUMBER
ISBN 9789041122841
082 ## - DEWEY DECIMAL CLASSIFICATION NUMBER
Classification number 343.067 LAN
245 ## - TITLE STATEMENT
Title CFC legislation, tax treaties, and EC law
Statement of responsibility, etc editors Michael Lang ... [et al.]
260 ## - PUBLICATION, DISTRIBUTION, ETC. (IMPRINT)
Place of publication The Hague ; Boston
Name of publisher Kluwer Law International
Year of publication c2004
300 ## - PHYSICAL DESCRIPTION
Number of Pages 653 p. ; 25 cm
500 ## - GENERAL NOTE
General note Includes bibliographical references
650 ## - SUBJECT ADDED ENTRY--TOPICAL TERM
Topical Term Capital movements - Law and legislation - Europe
Topical Term Capital movements - Law and legislation - European Union countries
Topical Term Controlled foreign corporations - Taxation - Europe
Topical Term Controlled foreign corporations - Taxation - European Union countries
Topical Term Double taxation - Europe
Topical Term Double taxation - European Union countries
700 ## - ADDED ENTRY--PERSONAL NAME
Personal name Lang, Michael
991 ## -
-- 424305
Holdings
Withdrawn status Lost status Damaged status Not for loan Home library Current library Date acquired Full call number Accession Number Price effective from Koha item type
        Anna Centenary Library Anna Centenary Library 12.10.2020 343.067 LAN 379148 12.10.2020 English Books

Find us on the map